000
00316nam a2200145Ia 4500
008
230917s9999||||xx |||||||||||||| ||und||
020
_c
RS8
040
_e
140566
_a
MAIN
041
_a
English
082
_a
954.01 C392S
100
_a
Chattopadhaya
245
0
_a
Sakas in India
300
_a
108p p.
942
_c
BK
999
_c
190318
_d
190318